Zábavné úlohy pre predškolákov hurá do školy

Bibliographic Details
Other Authors: Šíchová, Romana (Illustrator), Pilař, Radek, 1931-1993 (Illustrator)
Format: Book
Language:Slovak
PhysicalDescription:[96] s. ilustr. 29 cm
Published: Bratislava Fragment 2007
ISBN:9788080891336 (brož.)
Edition:1. vyd.
Subjects:

MARC

LEADER 00000nam a2200000 a 4500
001 vtls009151308
003 SK-MaSNL
005 20260331205053.0
008 171123s2007 xo a a 000 0 slo
020 |a 9788080891336 (brož.) 
035 |a 7045EB8E-A5DC-46D7-BA1C-C4B89E5D85A0 
035 |a urn:nbn:sk:snk-amtg49 
035 |a urn:nbn:sk:snk-am00cdqt 
040 |a SNK  |b slo  |c SNK  |e AACR2 
041 0 |a slo 
044 |a xo  |c SK 
072 7 |a 821-93  |x Literatúra pre deti a mládež  |2 konspekt 
072 7 |a 373.2/.3  |x Predškolská a primárna výchova a vzdelávanie  |2 konspekt 
080 |a 316.346.32-053.4  |2 2001 
080 |a 159.955  |2 2001 
080 |a (0.053.2)  |2 2001 
080 |a (076.1)  |2 2001 
100 1 |a Šíchová, Romana  |4 ill  |9 316146 
245 1 0 |a Zábavné úlohy pre predškolákov  |b hurá do školy  |c [text a ilustrácie Romana Šíchová ; ilustrácie Radek Pilař] 
246 3 0 |a Hurá do školy 
250 |a 1. vyd. 
260 |a Bratislava  |b Fragment  |c 2007 
300 |a [96] s.  |b ilustr.  |c 29 cm 
500 |a Názov z obalu 
500 |a Slovenské mená postáv Milan Ferko 
521 |a Pre deti od 5 rokov 
650 0 7 |a deti predškolského veku  |2 SNKPH  |9 4103 
650 0 7 |a rozvoj myslenia  |2 SNKPH  |9 3967 
655 7 |a publikácie pre deti  |2 SNKPH  |9 70148 
655 7 |a pracovné zošity  |2 SNKPH  |9 70188 
700 1 |a Pilař, Radek,  |d 1931-1993  |4 ill  |9 107836 
919 |a 978-80-8089-133-6 
999 |c 827872  |d 829802 
952 |a SNK  |b SNK  |y PREZ  |7 0  |p 17A0566012  |o snkSB 75094 D1  |i snk2007/22506  |8 0  |0 0  |1 0  |4 0  |d 2007-10-19  |l 0  |r 2016-06-30 00:00:00  |w 2026-02-24 
952 |a SNK  |b SNK  |y PREZ  |7 0  |p 17A0566011  |o snkSB 75094  |i snk2007/22505  |8 0  |0 0  |1 0  |4 0  |d 2007-10-19  |f 1  |l 0  |r 2025-04-25 00:00:00  |w 2026-02-24